BSOP header

末世神學初探 Mo shi shen xue chu tan = Eschatology in the making {ch} / (Record no. 38521)

MARC details
000 -LEADER
fixed length control field 00775cam a2200241L r4500
001 - CONTROL NUMBER
control field 6000064609
003 - CONTROL NUMBER IDENTIFIER
control field ChTaNC
005 - DATE AND TIME OF LATEST TRANSACTION
control field 20151127191501.0
008 - FIXED-LENGTH DATA ELEMENTS--GENERAL INFORMATION
fixed length control field 150701s hk ||||| |||| 00| 0 chi d
020 ## - INTERNATIONAL STANDARD BOOK NUMBER
International Standard Book Number 9789622086913 (平裝) :
020 ## - INTERNATIONAL STANDARD BOOK NUMBER
International Standard Book Number 9622086918.
041 1# - LANGUAGE CODE
Language code of text/sound track or separate title chi
100 1# - MAIN ENTRY--PERSONAL NAME
Personal name 張永信 Cheung, Vincent
Relator term
245 10 - TITLE STATEMENT
Title 末世神學初探 Mo shi shen xue chu tan = Eschatology in the making {ch} /
Statement of responsibility, etc 張永信著
246 ## - VARYING FORM OF TITLE
Title proper/short title Eschatology in the making
250 ## - EDITION STATEMENT
Edition statement 初版
260 ## - PUBLICATION, DISTRIBUTION, ETC. (IMPRINT)
Place of publication, distribution, etc 香港九龍 :
Name of publisher, distributor, etc 天道書樓,
Date of publication, distribution, etc 2007﹝民96﹞
300 ## - PHYSICAL DESCRIPTION
Extent 275面 ;
Dimensions 21公分
490 ## - SERIES STATEMENT
Series statement 神學教育叢書 Shen xue jiao yu cong shu =
-- Theological education series
650 ## - SUBJECT ADDED ENTRY--TOPICAL TERM
Topical term or geographic name as entry element Eschatology {ch}.
700 ## - ADDED ENTRY--PERSONAL NAME
Personal name Zhang, Yongxin .
942 ## - ADDED ENTRY ELEMENTS (KOHA)
Source of classification or shelving scheme Library of Congress Classification
Item type Books
Holdings
Withdrawn status Lost status Source of classification or shelving scheme Damaged status Not for loan Home library Current library Shelving location Date acquired Source of acquisition Inventory number Total Checkouts Full call number Barcode Date last seen Price effective from Koha item type
    Library of Congress Classification     BSOP Library BSOP Library Chinese Books (General Circulation) 07/01/2015   C-13367   BT821.3 C42 2007 00045934 07/01/2015 07/01/2015 Books
BSOP

Biblical Seminary of the Philippines
  All rights Reserved
  © 2024

CONTACT INFORMATION

Biblical Seminary of the Philippines,
  77-B Karuhatan Road, Valenzuela City,
  PHILIPPINES 1441
  Phone: +632 8292-6795 / 8292-6798
  Fax : +632 8292-6675
  Email: library@bsop.edu.ph